000 00766nam a2200217 a 4500
001 000008919
005 20240530073931.0
008 090921s1992 dr r 001 0 spa d
040 _aDO-SdBNP
_bspa
_cBNPHU
082 _aRD864.4
_bH519e
100 1 _aHenríquez Ureña, Camila
_923480
245 1 0 _aEstudios y conferencias /
_cCamila Henríquez Ureña.
260 _aSanto Domigo :
_bLetras Cubanas,
_c1992.
300 _a647 p. ;
_c21 cm.
500 _aIncluye datos biográficos del autor en la solapa de la cubierta
600 1 4 _aHENRÍQUEZ UREÑA, CAMILA,
_y1894-1973
_923481
650 0 _aEnsayos dominicanos
_965
650 0 _aLiteratura dominicana.
_967
650 4 _aLiteratura moderna
_xHistoria y crítica
_910738
700 1 _aAguirre, Mirta,
_epról.
_923482
999 _c8685
_d8685